| 000 | 01129cam a22003257a 4500 | ||
|---|---|---|---|
| 003 | CHAP | ||
| 005 | 20220329141407.0 | ||
| 008 | 971013s1986 r 00010 d | ||
| 010 | _a67430 | ||
| 011 | _a68402 | ||
| 035 | _a77874 | ||
| 040 | _cCHAP | ||
| 090 | _aFolleto 11717 | ||
| 100 | 0 | 0 |
_aEspinoza, Juan José. _938091 |
| 245 | 0 | _aComportamiento de toretes enteros e implantados y novillos en corral de engorda | |
| 260 |
_aZacatecas, Zac. : _bUniversidad Autónoma de Zacatecas. Dirección General de Investigación, _c[1986] |
||
| 300 | _a66 p. | ||
| 490 | 0 |
_aCuadernos de investigación _v; 28 |
|
| 500 | _aHoja desplegable: ilus. | ||
| 590 |
_aBATCH-UPD _b10 _c20130110 _lUCH01 _h1301 |
||
| 590 |
_aBATCH-UPD _b10 _c20130410 _lUCH01 _h0819 |
||
| 590 |
_aBATCH-UPD _b10 _c20130914 _lUCH01 _h1108 |
||
| 590 |
_aCONVERSION _b10 _c20130109 _lUCH01 _h1337 |
||
| 650 | 1 | 4 |
_aGanado vacuno _xEngorda. _945461 |
| 650 | 1 | 4 |
_aHormonas _xEfecto en animales domésticos. _956236 |
| 830 | 0 |
_aCuadernos de investigación _v; 28 _929789 |
|
| 901 | _aBK | ||
| 942 | _cFOLL | ||
| 949 |
_aFolleto 11717 _bBC _cFOLL _d-30747 _eTS1 _i77874 _mD _si |
||
| 999 |
_c67430 _d67430 |
||